000 00723nam a2200229 a 4500
001 40121
003 BD-RjUL
005 20211209053136.0
008 160423q1968 bg |||| |||| 00| 0 ben d
020 _c: PRs. 3.50
035 _a(BD-RjUL)40236
040 _aBD-RjUL
_bben
_cBD-RjUL
041 _aben
082 _223
_a891.443
_bFOJ 1968
100 _aফজল, আবুল
_9123542
245 1 0 _aজীবন পথের যাত্রী /
_cআবুল ফজল
260 _aঢাকা :
_bনওরোজ,
_c[ ১৯৬৮? ]
300 _a[৪] ২৫৬ পৃ. ;
_c১৯ সেমি.
650 _aবাংলা উপন্যাস
_9123543
650 _aBengali Fiction
_9123544
942 _2ddc
_cBK
999 _c40121
_d40121